| 000 | 00899nam a2200289Ia 4500 | ||
|---|---|---|---|
| 001 | Para_4980 | ||
| 003 | CHAP | ||
| 008 | 220125s1900 xx 000 0 und d | ||
| 010 | _a203439 | ||
| 040 | _cCHAP | ||
| 090 | _aPA FOLLETO 2340 | ||
| 100 |
_aJohnson, W. G. _961878 |
||
| 245 |
_aSome important insecticides, fungicides and apparatus for their application / _c W. G. Johnson, C. O. Townsend, and H. P. Gould |
||
| 260 |
_aCollege Park : _b Maryland Agricultural College |
||
| 300 | _ap. 55-89 | ||
| 440 |
_aMaryland Agr. Exp. Sta. Bull; 65 _9169219 |
||
| 650 |
_aAspersores Insecticidas Fungicidas _9169220 |
||
| 700 |
_aGould, H. P. _950117 |
||
| 700 |
_aTownsend, C. O. _9114439 |
||
| 901 | _aPA FOLLETO 2340 | ||
| 902 | _aA | ||
| 905 | _a0000001900 ck 0000000000 00 | ||
| 910 | _a1900 | ||
| 942 | _cPARA | ||
| 942 |
_cPARA _d1 |
||
| 999 |
_c203439 _d203439 |
||